000 00673nam a2200289Ia 4500
005 20260324114758.0
008 008 260324s9999 xx 000 0 eng d
020 _a9781003030607
037 _aEBOOK
040 _aCRL
040 _beng
040 _cCRL
041 _2eng
041 _aeng
084 _qCRL
100 _aOrly Zeewy
_91152127
245 0 _aReady, Launch, Brand
245 4 _bThe Lean Marketing Guide for Startups
260 _bTaylor and Francis
260 _c2021
365 _a
365 _b180
856 _uhttp://www.taylorfrancis.com/books/9781003030607
942 _cEBOOK
999 _c1742496
_d1742496